| 000 | 00711cab a2200229 4500 | ||
|---|---|---|---|
| 001 | WB3305-40 | ||
| 008 | 090401t1997 xxu||||| |||| 00| 0 eng d | ||
| 035 | _a(Sirsi) u39362 | ||
| 041 | _aeng | ||
| 245 | _aHambros threat | ||
| 260 | _c1997 | ||
| 350 | _a0 | ||
| 490 |
_aSolicitors` Journal _v141(3) 24 January 1997, 51(1) |
||
| 520 | _aThe Law Society is urging property lawyers to stand firm against the threat posed by Hambro Countrywide`s new in-house conveyancing service. | ||
| 650 | _aCONVEYANCERS | ||
| 650 | _aESTATE AGENCY | ||
| 650 | _aHAMBRO COUNTRYWIDE | ||
| 650 | _aLAW SOCIETY | ||
| 690 | _aMANAGEMENT-BUSINESS MANAGEMENT-PROFESSIONAL PRACTICE | ||
| 942 | _n0 | ||
| 948 | _c04/03/1997 | ||
| 999 |
_c25271 _d25271 |
||